Galicia hoy / (Record no. 105510)
[ view plain ]
| 000 -LEADER | |
|---|---|
| campo de control de longitud fija | 00867nam a2200253 i 4500 |
| 001 - NÚMERO DE CONTROL | |
| campo de control | 105510 |
| 003 - IDENTIFICADOR DE NÚMERO DE CONTROL | |
| campo de control | ES-MaACL |
| 005 - FECHA Y HORA DE LA ÚLTIMA TRANSACCIÓN | |
| campo de control | 20230906183917.0 |
| 007 - CAMPO FIJO DE DESCRIPCIÓN FÍSICA--INFORMACIÓN GENERAL | |
| campo de control de longitud fija | t| |
| 008 - DATOS DE LONGITUD FIJA--INFORMACIÓN GENERAL | |
| campo de control de longitud fija | 060720s1966 ag a |||| | spa d |
| 080 ## - NÚMERO DE LA CLASIFICACIÓN DECIMAL UNIVERSAL | |
| Número de la Clasificación Decimal Universal | 323.174(461.1) |
| 080 ## - NÚMERO DE LA CLASIFICACIÓN DECIMAL UNIVERSAL | |
| Número de la Clasificación Decimal Universal | 338(461.1)"1939/..." |
| 080 ## - NÚMERO DE LA CLASIFICACIÓN DECIMAL UNIVERSAL | |
| Número de la Clasificación Decimal Universal | 308(461.1)"1939/..." |
| 245 00 - MENCIÓN DEL TÍTULO | |
| Título | Galicia hoy / |
| Mención de responsabilidad, etc. | presentación, Santiago Fernández, Maximino Brocos. |
| 260 ## - PUBLICACIÓN, DISTRIBUCIÓN, ETC. | |
| Lugar de publicación, distribución, etc. | [Buenos Aires] : |
| Nombre del editor, distribuidor, etc. | Ruedo Ibérico, |
| Fecha de publicación, distribución, etc. | [1966] |
| 300 ## - DESCRIPCIÓN FÍSICA | |
| Extensión | 153 p. : |
| Otras características físicas | il. ; |
| Dimensiones | 21 cm. |
| 650 14 - PUNTO DE ACCESO ADICIONAL DE MATERIA--TÉRMINO DE MATERIA | |
| Término de materia o nombre geográfico como elemento de entrada | Regionalismo- |
| Subdivisión geográfica | Galicia. |
| 9 (RLIN) | 16753 |
| 651 #4 - PUNTO DE ACCESO ADICIONAL DE MATERIA--NOMBRE GEOGRÁFICO | |
| Nombre geográfico | Galicia- |
| Subdivisión general | Situación económica- |
| Subdivisión cronológica | 1939-1975. |
| 9 (RLIN) | 167740 |
| 651 ## - PUNTO DE ACCESO ADICIONAL DE MATERIA--NOMBRE GEOGRÁFICO | |
| Nombre geográfico | Galicia- |
| Subdivisión general | Situación social- |
| Subdivisión cronológica | 1939-1975. |
| 9 (RLIN) | 167741 |
| 700 1# - ENTRADA AGREGADA--NOMBRE PERSONAL | |
| Nombre de persona | Fernández, Santiago. |
| 9 (RLIN) | 49429 |
| 700 1# - ENTRADA AGREGADA--NOMBRE PERSONAL | |
| Nombre de persona | Brocos, Maximino. |
| 9 (RLIN) | 31846 |
| 710 2# - ENTRADA AGREGADA--NOMBRE DE ENTIDAD CORPORATIVA | |
| Nombre de entidad corporativa o nombre de jurisdicción como elemento de entrada | Éditions Ruedo ibérico. |
| 9 (RLIN) | 145333 |
| 852 ## - LOCALIZACIÓN | |
| Ubicación | ES-MaACL |
| Número de control de estantería | AND-303 |
| Nota libre | - Biblioteca Juan Andrade |
| Estatus retirado | Estado de pérdida | Estado de daño | No para préstamo | Biblioteca de origen | Biblioteca actual | Ubicación en estantería | Fecha de adquisición | Fuente de adquisición | Total de préstamos | Signatura topográfica completa | Código de barras | Visto por última vez | Precio de reemplazo | Tipo de ítem Koha |
|---|---|---|---|---|---|---|---|---|---|---|---|---|---|---|
| Biblioteca del Ateneo de Madrid | Biblioteca del Ateneo de Madrid | Depósito 2 | 17/01/2008 | AND-303 | 1110159 | 23/02/2023 | 23/02/2023 | Libro impreso |
